Least Popular U.S. Cities - Statistics

General Stats
  • This quiz has been taken 59 times
  • The average score is 11 of 25
Answer Stats
Pop. City % Change % Correct
672,662 Detroit -25.7%
91%
383,793 Cleveland -17.6%
77%
2,706,101 Chicago -6.6%
74%
302,605 Cincinnati -10.3%
70%
318,069 St. Louis -8.4%
67%
301,048 Pittsburgh -8.5%
65%
619,493 Baltimore -4.6%
63%
256,304 Buffalo -11%
63%
391,006 New Orleans -26.3%
58%
274,975 Toledo -9%
51%
198,006 Akron -8.3%
49%
95,943 Flint -18.6%
47%
164,422 Jackson, MS -5.6%
47%
140,640 Dayton -13.7%
44%
209,880 Birmingham -12.6%
42%
206,284 Rochester, NY -4.2%
37%
200,217 Grand Rapids -4.1%
30%
118,427 Lansing -4.1%
30%
101,860 South Bend -6.4%
28%
96,471 Erie -2.3%
26%
134,587 Warren -2.8%
12%
145,627 Patterson -2.2%
9%
332,725 Santa Ana -2.7%
5%
136,401 Hampton, VA -6.5%
0%
138,481 Metairie -4.7%
0%
No matching quizzes found
Score Distribution
Percent of People with Each Score
Percentile by Number Answered
Your Score History
You have not taken this quiz